Countries With a B and L - Statistics

General Stats
  • This quiz has been taken 81 times
  • The average score is 14 of 18
Answer Stats
Answer % Correct
Brazil
98%
Bolivia
95%
Belarus
89%
Belgium
89%
Belize
89%
Colombia
87%
Bulgaria
84%
Albania
79%
D.R. Congo
74%
Liberia
73%
Libya
71%
Rep. of the Congo
71%
Bangladesh
66%
Dominican Republic
65%
Lebanon
65%
Luxembourg
61%
Czech Republic
58%
Central African Republic
56%
No matching quizzes found
Score Distribution
Percent of People with Each Score
Percentile by Number Answered
Your Score History
You have not taken this quiz